Developing intelligent agents for distributed systems : exploring architecture, technologies, and applications
Αποθηκεύτηκε σε:
| Κύριος συγγραφέας: | |
|---|---|
| Άλλοι συγγραφείς: | |
| Μορφή: | Βιβλίο |
| Γλώσσα: | English |
| Δημοσίευση: |
New York :
McGraw-Hill,
c1998.
|
| Θέματα: | |
| Ετικέτες: |
Προσθήκη ετικέτας
Δεν υπάρχουν, Καταχωρήστε ετικέτα πρώτοι!
|
MARC
| LEADER | 00000cam a2200000 i 4500 | ||
|---|---|---|---|
| 001 | 1/12862 | ||
| 008 | 001101s1998 nyu| ||| |||| ||eng|| | ||
| 020 | |a 0070350116 | ||
| 035 | |l 10064379 | ||
| 040 | |a GR-MyUA |b gre |e AACR2 | ||
| 041 | 0 | |a eng | |
| 082 | 0 | |a 006.3 |2 (21) | |
| 100 | 1 | |a Knapik, Michael. | |
| 245 | 1 | 0 | |a Developing intelligent agents for distributed systems : |b exploring architecture, technologies, and applications / |c Michael Knapic, Jay Johnson. |
| 260 | |a New York : |b McGraw-Hill, |c c1998. | ||
| 300 | |a xix, 389 σ. : |b εικ. ; |c 24 εκ. | ||
| 504 | |a Βιβλιογραφία: σ. 375-380. Ευρετήριο. | ||
| 650 | 0 | 0 | |a Intelligent agents (Computer software) |
| 650 | 0 | 0 | |a Electronic data processing |x Distributed processing. |
| 650 | 0 | 0 | |a Computer software |x Development. |
| 700 | 1 | |a Johnson, Jay, |d 1957- | |
| 852 | |a INST |b SAMOS |e 20001101 |h 006.3 KNA |p 005300018477 |q 005300018477 |t BK |y 0 | ||
| 852 | |a INST |b SAMOS |e 20001101 |h 006.3 KNA |p 005300018478 |q 005300018478 |t BK |y 0 | ||
| 852 | |a INST |b SAMOS |e 20001101 |h 006.3 KNA |p 005300018479 |q 005300018479 |t BK |y 0 | ||
| 852 | |a INST |b SAMOS |e 20001101 |h 006.3 KNA |p 005300018480 |q 005300018480 |t BK |y 0 | ||
| 852 | |a INST |b SAMOS |e 20001101 |h 006.3 KNA |p 005300018481 |q 005300018481 |t BK |y 0 | ||
| 852 | |a INST |b SAMOS |e 20001101 |h 006.3 KNA |p 005300018489 |q 005300018489 |t BK |y 0 | ||
| 852 | |a INST |b SAMOS |e 20001101 |h 006.3 KNA |p 005300018490 |q 005300018490 |t BK |y 0 | ||
| 852 | |a INST |b SAMOS |e 20001101 |h 006.3 KNA |p 005300018491 |q 005300018491 |t BK |y 0 | ||
| 852 | |a INST |b SAMOS |e 20001101 |h 006.3 KNA |p 005300018492 |q 005300018492 |t BK |y 0 | ||
| 852 | |a INST |b SAMOS |e 20010326 |h 006.3 KNA |p 005300021275 |q 005300021275 |t BK |y 0 | ||
| 852 | |a INST |b SAMOS |e 20010326 |h 006.3 KNA |p 005300021276 |q 005300021276 |t BK |y 0 | ||
| 852 | |a INST |b SAMOS |e 20010326 |h 006.3 KNA |p 005300021277 |q 005300021277 |t BK |y 0 | ||
| 852 | |a INST |b SYROS |e 20001101 |h 006.3 KNA |p 005500000414 |q 005500000414 |t BK |y 0 | ||
| 852 | |a INST |b SYROS |e 20010917 |h 006.3 KNA |p 005500001233 |q 005500001233 |t BK |y 0 | ||
| 901 | |a BIBL5-2001-2 | ||
| 901 | |a BIBL3-2001-1 | ||
| 901 | |a BIBL3-2000-3 | ||
| 909 | |a Ε |b 086878 | ||
| 909 | |a Σ |b 086206 | ||
| 909 | |a Ε |b 079968 | ||
| 909 | |a Σ |b 086207 | ||
| 909 | |a Σ |b 086208 | ||
| 909 | |a Σ |b 079967 | ||
| 909 | |a Σ |b 079966 | ||
| 909 | |a Σ |b 079965 | ||
| 909 | |a Σ |b 079964 | ||
| 909 | |a Σ |b 079963 | ||
| 909 | |a Σ |b 079962 | ||
| 909 | |a Σ |b 079961 | ||
| 909 | |a Σ |b 079960 | ||
| 909 | |a Σ |b 079959 | ||
| 922 | |a 5ΕΛΗ |b 200108 |c ΕΠΕΑΕΚ2/183 |d ΠΑΠΑΣΩΤΗΡΙΟΥ | ||
| 922 | |a 3ΕΛΗ |b 200008 |c ΤΠΕΣ/ΠΟΛ-2 |d LEADER | ||
| 922 | |a 3ΕΛΗ |b 200002 |c ΤΠΕΣ/ΠΟΛ |d LEADER | ||
| 922 | |a 5ΕΛΗ |b 200002 |c ΤΠΕΣ/ΠΟΛ |d LEADER | ||
| 970 | |a ΜΑΛΑΓΑΡΗ |b ΦΩΤΕΙΝΗ |z 2000/11/1 | ||